000 00322nam a2200133Ia 4500
999 _c14219
_d14219
003 OSt
005 20260312151027.0
008 260210s9999 xx 000 0 und d
020 _a9781682867570
100 _aRegina Cobb
245 0 _aNatural Disaster Handbook
260 _bSyrawood Publishing House
942 _cBPLAN
_2ddc